00842nam a2200217Ia 4500008004100000100001600041245020400057260001100261300002000272440003900292521000800331650001600339650002500355650001400380650001800394650007400412650002800486942000700514999001900521952008400540140626s9999 xx 000 0 und d aWhall, Ann. aMeasurement of aggressive behaviors in dementia :bcomparison of the physical aggression subscales of the Cohen-Mansfield Agitation Inventory and the Ryden Aggression Scale /cAnn Whall ... [et al.]. cc2013. a6 : 1, page 171 aResearch in Gerontological Nursing aNUR aAggression. aAggressive behavior. aDementia. aOlder adults. aPhysical aggression subscales of Cohen-Mansfield Agitation Inventory. aRyden Aggression Scale. cSE c121464d121464 001040aCLbCLcPERd2014-06-26l0pS0572r2014-06-26 00:00:00w2014-06-26ySE